Effectif Bayern Munich féminin saison 2023-2024 - Statistiques

Statistiques générales
  • Ce quiz a été pris 8 fois
  • Le résultat moyen est 4 sur 24
Statistiques - réponses
Poste Pays Réponse % Correct
ATT ANG Georgia Stanway
67%
ATT DAN Pernille Harder
50%
MIL ALL Giulia Gwinn
33%
ATT SER Jovana Damnjanović
33%
ATT ALL Klara Bühl
33%
ATT ALL Lea Schüller
33%
MIL AUT Sarah Zadrazil
33%
MIL ALL Sydney Lohmann
33%
DEF ALL Carolin Simon
17%
MIL ALL Lina Magull
17%
MIL ALL Linda Dallmann
17%
DEF SUE Magdalena Eriksson
17%
G GER Mala Grohs
17%
MIL ECO Samantha Kerr
17%
DEF NOR Tuva Hansen
17%
MIL ALL Alara Şehitler
0%
G ISL Cecilía Rán Rúnarsdóttir
0%
DEF NOR Emilie Bragstad
0%
DEF ISL Glódís Perla Viggósdóttir
0%
MIL ISL Karólína Lea Vilhjálmsdóttir
0%
DEF AUT Katharina Naschenweng
0%
DEF ALL Maximiliane Rall
0%
DEF BRE Tainara
0%
ATT POL Weronika Zawistowska
0%
Aucun quiz correspondant
Distribution des résultats
% des personnes avec chaque résultat
Percentile par nombre de réponses
Votre historique - résultats
Vous n’avez pas pris ce quiz